| 000 | 00588nam a22002057a 4500 | ||
|---|---|---|---|
| 003 | BD-DhUL | ||
| 005 | 20190129102953.0 | ||
| 008 | 190129s2004 nyu||||| b||| 00| 0 eng | ||
| 020 | _a9211335760 | ||
| 040 |
_aBD-DhUL _cBD-DhUL |
||
| 082 |
_a341.1 _bUNW |
||
| 110 | 1 | _aUnited Nations. | |
| 245 | 1 | 0 |
_aThe work of the international law commission : Vol. 1 / _cUnited Nations. |
| 250 | _a6 th | ||
| 260 |
_aNew York : _bUnited Nations, _c2004. |
||
| 300 |
_av. ; _c22 cm. |
||
| 504 | _aIncludes bibliographical references. | ||
| 650 | 0 | _aLaw of nations . | |
| 942 |
_2ddc _cBK |
||
| 999 |
_c246013 _d246013 |
||